Digital control systems : Theory, hardware, software

This book intergrates control theory with computer implementation. The root-locus method is utilized as the major control sysem design technique throughout the text. It also emphasizes the use of a computer-aided design package to accomplish much of the design work for sampled-data control systems....

ver descrição completa

Na minha lista:
Detalhes bibliográficos
Autor principal: Houpis, Constantine H.
Formato: Livro
Idioma:Undetermined
Publicado em: New York McGraw-Hill 1985
Assuntos:
Tags: Adicionar Tag
Sem tags, seja o primeiro a adicionar uma tag!
Thư viện lưu trữ: Trung tâm Học liệu Trường Đại học Cần Thơ
LEADER 01040nam a2200217Ia 4500
001 CTU_219453
008 210402s9999 xx 000 0 und d
020 |c 16.99 
082 |a 629.895 
082 |b H835 
100 |a Houpis, Constantine H. 
245 0 |a Digital control systems : 
245 0 |b Theory, hardware, software 
245 0 |c Constantine H. Houpis, Gary B. Lamont 
260 |a New York 
260 |b McGraw-Hill 
260 |c 1985 
520 |a This book intergrates control theory with computer implementation. The root-locus method is utilized as the major control sysem design technique throughout the text. It also emphasizes the use of a computer-aided design package to accomplish much of the design work for sampled-data control systems. Also, it stresses the impact of small samling times upon the design calculations and digital controller accuracy. 
650 |a Digital control systems,Hệ thống điều khiển số 
904 |i Hải 
980 |a Trung tâm Học liệu Trường Đại học Cần Thơ